| 000 | 00801nam a22002777a 4500 | ||
|---|---|---|---|
| 003 | CHAP | ||
| 005 | 20220329135534.0 | ||
| 008 | 971013s1978 r 00010 d | ||
| 010 | _a38194 | ||
| 011 | _a39166 | ||
| 035 | _a43286 | ||
| 040 | _cCHAP | ||
| 082 |
_a575.0162 _bP3 |
||
| 100 | 0 | 0 |
_aPatterson, Colin. _986236 |
| 245 | _aEvolution | ||
| 260 |
_aLondon : _bRoutledge & Kegan Paul, _c1978 |
||
| 300 |
_a197 p. _b: ilus. |
||
| 590 |
_aBATCH-UPD _b10 _c20130110 _lUCH01 _h1831 |
||
| 590 |
_aBATCH-UPD _b10 _c20130410 _lUCH01 _h1203 |
||
| 590 |
_aBATCH-UPD _b10 _c20130914 _lUCH01 _h1335 |
||
| 590 |
_aCONVERSION _b10 _c20130109 _lUCH01 _h1321 |
||
| 650 | 1 | 4 |
_aEvolución. _939007 |
| 901 | _aBK | ||
| 942 | _cLIBRO | ||
| 949 |
_a575.0162 P3 _bBC _cLIBRO _d33724000478798 _eLIBRO _h55057 _i43286 _si _t594.00 |
||
| 999 |
_c38194 _d38194 |
||